Lorde - Stoned at the Nail Salon - Statistics

General Stats
  • This quiz has been taken 9 times
  • The average score is 169 of 290
Answer Stats
Answers % Correct
a
100%
at
100%
I
100%
Just
100%
just
100%
nail
100%
salon
100%
stoned
100%
the
100%
and
83%
And
83%
I'm
83%
in
83%
love
83%
Maybe
83%
time
83%
you,
83%
you
83%
all
67%
around
67%
'Cause
67%
come
67%
don't
67%
go
67%
Got
67%
it
67%
know
67%
my
67%
Oh,
67%
times
67%
what
67%
when
67%
wishbone
67%
your
67%
again
50%
but
50%
But
50%
can
50%
case
50%
chosen
50%
comes
50%
cool
50%
down,
50%
down
50%
for
50%
It's
50%
it's
50%
I've
50%
kitchen
50%
life
50%
like
50%
of
50%
over
50%
realize
50%
roses
50%
so
50%
that
50%
they
50%
to
50%
up
50%
wake
50%
who
50%
will
50%
with
50%
wrong
50%
you'll
50%
beautiful
33%
been
33%
blood's
33%
burnin'
33%
call,
33%
dog
33%
door
33%
dryin'
33%
earrings
33%
evenings
33%
girls,
33%
grow
33%
hangin'
33%
have,
33%
hot
33%
it'll
33%
loved
33%
many
33%
means
33%
missin'
33%
music
33%
now
33%
on
33%
out
33%
people
33%
raised
33%
sixteen,
33%
sometimes
33%
Spend
33%
summers
33%
this
33%
vine
33%
Well,
33%
we'll
33%
Whatever
33%
wonder
33%
babe
17%
bed
17%
change,
17%
crazy
17%
dancin'
17%
fade
17%
forever
17%
former
17%
has
17%
hell-raisers,
17%
I'd
17%
landmines
17%
leads
17%
make
17%
memory
17%
only
17%
our
17%
papers
17%
rise,
17%
'Round
17%
'round
17%
still
17%
sun
17%
town
17%
under
17%
waitin'
17%
wearin'
17%
We'd
17%
wherever
17%
windowsill
17%
carousel
0%
could
0%
divide
0%
does,
0%
good
0%
if
0%
ride
0%
Two
0%
No matching quizzes found
Score Distribution
Percent of People with Each Score
Percentile by Number Answered
Your Score History
You have not taken this quiz